Statistics for Countries that End with E

Click here to take the quiz!

General Stats

  • This quiz has been taken 56 times
    (19 since last reset)
  • The average score is 8 of 12

Answer Stats

HintAnswer% Correct
North AmericaBelize
88%
South AmericaChile
81%
EuropeFrance
75%
EuropeGreece
69%
South AmericaSuriname
69%
AfricaZimbabwe
69%
AfricaMozambique
63%
EuropeUkraine
63%
AfricaCape Verde
56%
AsiaSingapore
50%
AfricaSao Tome and Principe
44%
AfricaSierra Leone
38%

Score Distribution

Percentile by Number Answered

Percent of People with Each Score

Your Score History

You have not taken this quiz since the last reset